Normal view
MARC view
Entry Término temático
001 - NÚMERO DE CONTROL
- campo de control: 181625
003 - IDENTIFICADOR DEL NÚMERO DE CONTROL
- campo de control: OSt
005 - FECHA Y HORA DE LA ÚLTIMA TRANSACCIÓN
- campo de control: 20220601075145.0
008 - DATOS DE LONGITUD FIJA
- campo de control de longitud fija: 220601|| aca||aabn | a|a d
040 ## - FUENTE DE LA CATALOGACIÓN
- Centro catalogador/agencia de origen: OSt
- Centro/agencia transcriptor: OSt
150 ## - ENCABEZAMIENTO--TÉRMINO DE MATERIA
- Término de materia o nombre geográfico como elemento de entrada: 1. Zea diploperennis 2. Forrajes - Veracruz 3. Teosintle 4. Forrajes - Investigación5. Forrajes - RendimientoÌ
670 ## - FUENTE DE DATOS ENCONTRADOS
- Cita de la fuente: Work cat.: (OSt)214414: Engrande Salazar, Daniel 36993, Patron de acumulación de masa de forraje de teosintle (Zea diploperennis Iltis, Doebley, Guzmán & Pazy) durante otoño e invierno en Medellín, Veracruz / por Daniel Engrande Salazar
